Technologia uzdatniania wody podziemnej miasta Bobolice / (Rekord nr 1902)
| 000 -ETYKIETA REKORDU | |
|---|---|
| podpole kontrolne o stałej długości | 01909nam a2200265 i 4500 |
| 001 - NUMER KONTROLNY REKORDU | |
| podpole kontrolne | BPP |
| 003 - IDENTYFIKATOR NUMERU KONTROLNEGO REKORDU | |
| podpole kontrolne | BPK |
| 005 - DATA OSTATNIEJ MODYFIKACJI REKORDU | |
| podpole kontrolne | 20171114095556.0 |
| 008 - POLE O STAŁEJ DŁUGOŚCI - DANE KONTROLNE | |
| podpole kontrolne o stałej długości | 141215s1982 pl f |000 0 pol |
| 040 ## - ŹRÓDŁO KATALOGOWANIA | |
| Instytucja, która utworzyła rekord | BPK |
| 080 ## - UNIWERSALNA KLASYFIKACJA DZIESIĘTNA - UKD | |
| UKD | 628.16 |
| 100 ## - NAZWA OSOBOWA | |
| Nazwa osobowa | MALEJ, Józef. |
| Lata pracy | 1971 - 1996. |
| Instytucja | Wyższa Szkoła Inżynierska w Koszalinie - Instytut Inżynierii Środowiska, |
| Wydział | Zakład Technologii Wody i Ścieków |
| 245 ## - TYTUŁ/ODPOWIEDZIALNOŚĆ | |
| Tytuł | Technologia uzdatniania wody podziemnej miasta Bobolice / |
| Pozostałe elementy strefy tytułu i oznaczenia odpowiedzialności | Danuta Karasiewicz, Zdzisław Kurowski, Józef Madej, Michał Paprzycki, Krzysztof Rajewicz, Henryk Rosiński. |
| 260 ## - STREFA ADRESU WYDAWNICZEGO | |
| Miejsce wydania | Koszalin, |
| Data publikacji, dystrybucji/powstania dokumentu | 1982. |
| 500 ## - UWAGI OGÓLNE | |
| Tekst uwagi | Dane z autopsji. |
| 520 ## - UWAGA DOTYCZĄCA TREŚCI DOKUMENTU | |
| Analiza dokumentacyjna, adnotacja itp. | Celem opracowania było ustalenie podstawowych parametrów technologicznych uzdatniania wody podziemnej przeznaczonej dla celów pitnych w Bobolicach. Zakres prac badawczych obejmował charakterystykę jakościową wody: napowietrzanie wody, odżelazianie i odmanganianie wody oraz chlorowanie wody. |
| 650 #0 - HASŁO PRZEDMIOTOWE W FORMIE NAZWY OGÓLNEJ LUB JEDNOSTKOWEJ | |
| Nazwa ogólna lub geograficzna | Uzdatnianie wody. |
| 650 #0 - HASŁO PRZEDMIOTOWE W FORMIE NAZWY OGÓLNEJ LUB JEDNOSTKOWEJ | |
| Nazwa ogólna lub geograficzna | Dezynfekcja. |
| 700 ## - HASŁO DODATKOWE - NAZWA OSOBOWA | |
| Nazwa osobowa | KARASIEWICZ, Danuta. |
| Lata pracy | 1972 - 1996. |
| Instytucja | Wyższa Szkoła Inżynierska w Koszalinie - Instytut Inżynierii Środowiska, |
| Wydział | Zakład Technologii Wody i Ścieków |
| 700 ## - HASŁO DODATKOWE - NAZWA OSOBOWA | |
| Nazwa osobowa | KUROWSKI, Zdzisław. |
| Lata pracy | 1979 - 1993. |
| Instytucja | Wyższa Szkoła Inżynierska w Koszalinie - Instytut Inżynierii Środowiska, |
| Wydział | Zakład Technologii Wody i Ścieków |
| 700 ## - HASŁO DODATKOWE - NAZWA OSOBOWA | |
| Nazwa osobowa | PAPRZYCKI, Michał. |
| Lata pracy | 1976 - 1982. |
| Instytucja | Wyższa Szkoła Inżynierska w Koszalinie - Instytut Inżynierii Środowiska, |
| Wydział | Zakład Technologii Wody i Ścieków |
| 700 ## - HASŁO DODATKOWE - NAZWA OSOBOWA | |
| Nazwa osobowa | RAJEWICZ, Krzysztof. |
| Lata pracy | 1978 - 1991. |
| Instytucja | Wyższa Szkoła Inżynierska w Koszalinie - Instytut Inżynierii Środowiska, |
| Wydział | Zakład Technologii Wody i Ścieków |
| 700 ## - HASŁO DODATKOWE - NAZWA OSOBOWA | |
| Nazwa osobowa | ROSIŃSKI, Henryk. |
| Lata pracy | 1980 - 1991. |
| Instytucja | Wyższa Szkoła Inżynierska w Koszalinie - Instytut Inżynierii Środowiska, |
| Wydział | Zakład Technologii Wody i Ścieków |
| 942 ## - HASŁO DODATKOWE - ELEMENTY(KOHA) | |
| Typ dokumentu | Materiały nieopublikowane |
| Schemat klasyfikacji | Uniwersalna klasyfikacja dziesiętna |
| Wycofany | Zagubiony | Uszkodzony | Dostępność | Lokalizacja stała | Lokalizacja bieżąca | Sygnatura | Typ dokumentu |
|---|---|---|---|---|---|---|---|
| Dostępny | Bibliografia Prac Pracowników - BPK | Bibliografia Prac Pracowników - BPK | NB-129 | Materiały nieopublikowane |
